Exploring chemical analysis

Guardat en:
Dades bibliogràfiques
Autor principal: Harris, Daniel C.
Format: Llibre
Idioma:Undetermined
Publicat: New York, NY W. H. Freeman 2004
Matèries:
Etiquetes: Afegir etiqueta
Sense etiquetes, Sigues el primer a etiquetar aquest registre!
Thư viện lưu trữ: Trung tâm Học liệu Trường Đại học Cần Thơ
LEADER 00496nam a2200193Ia 4500
001 CTU_104900
008 210402s9999 xx 000 0 und d
020 |c 73.61 
082 |a 543 
082 |b H313 
100 |a Harris, Daniel C. 
245 0 |a Exploring chemical analysis 
245 0 |c Daniel C. Harris 
260 |a New York, NY 
260 |b W. H. Freeman 
260 |c 2004 
650 |a Chemistry, analytic 
904 |i Minh 
980 |a Trung tâm Học liệu Trường Đại học Cần Thơ